Country Logic Puzzle by Scambigol #23 - Statistics

General Stats
  • This quiz has been taken 160 times
  • The average score is 21 of 50
Answers on the Map
Answers color-coded by a green-red scale on the quiz's map according to % correct below.
 
Answer Stats
Answer % Correct
Yemen
61%
Zagreb
61%
France
60%
Quito
60%
Athens
59%
Jordan
56%
Brazil
55%
Warsaw
51%
China
49%
Oslo
49%
Germany
46%
Italy
46%
Uruguay
46%
Moscow
45%
Damascus
44%
Estonia
44%
Hanoi
44%
Vilnius
44%
Peru
42%
Riyadh
42%
Slovenia
42%
Turkey
42%
Latvia
41%
Kyiv
40%
North Macedonia
38%
Jordan
37%
North Macedonia
37%
Yemen
37%
Zagreb
37%
Athens
36%
Damascus
36%
France
36%
Germany
36%
Quito
36%
Riyadh
36%
Turkey
36%
Brazil
35%
China
35%
Estonia
35%
Hanoi
35%
Italy
35%
Latvia
35%
Moscow
35%
Oslo
35%
Peru
35%
Slovenia
35%
Uruguay
35%
Vilnius
35%
Warsaw
35%
Kyiv
34%
No matching quizzes found
Score Distribution
Percent of People with Each Score
Percentile by Number Answered
Your Score History
You have not taken this quiz